02002cam a2200385 a 450000100090000000300050000900500170001400800410003101000170007202000180008902500230010703700610013004000180019104200150020905000250022406600110024908200150026010000690027524000300034424501240037424600690049826000460056730000210061350001060063452001140074054600130085460000990086770000470096688000870101388001460110088000770124688001210132388001070144488000650155116117620NUST20170727134116.0100303s2010 pk 000 0durd  a 2010341475 a9789695680315 aP-U-2010341475; 14 bLibrary of Congress -- Islamabad Overseas OfficecRs 350 aDLCcDLCdDLC alcodeapcc00aPK2199.A914bA6 2010 c(3c(4 a809.8bAZA1 6880-01aĀzād, Muḥammad Ḥusain,dapproximately 1834-1910.10aWorks.kSelections.f2010106880-02aNigāristān-i Āzād /cMuḥammad Ḥusain Āzād ; taʻāruf va intik̲h̲āb, Aslam Farruk̲h̲ī.1 iTitle on t.p. verso:aNigaristan-e-Azad :bMuhammad Hussain Azad 6880-03aKarāchī :bShahrzād,c2010. a388 p. ;c22 cm. 6880-04a"Muḥammad Ḥussain Āzād kī numāʼindah taḥrīron̲ kā intik̲h̲āb"--Cover. aSelected writings and critical study of Muḥammad Ḥussain Āzād, ca. 1834-1910, an eminent Urdu writer. aIn Urdu.106880-05aĀzād, Muḥammad Ḥusain,dapproximately 1834-1910xCriticism and interpretation.1 6880-06aFarruk̲h̲ī, Aslam,d1924-2016.1 6100-01/(3/r‏a‏آزاد، محمّد حسين،‏dapproximately 1834-1910.106245-02/(3/r‏a‏نگارستان آزاد /‏c‏محمّد حسّين آزاد ؛ تعارف و انتخاب، اسلم فرّخى. 6260-03/(4/r‏a‏کراچى :‏b‏شهرزاد،‏c‏‫2010‬. 6500-04/(3/r‏a‏"محمّد حسّين آزاد کى نمائنده تحريروں کا انتخاب"--Cover.146600-05/(3/r‏a‏آزاد، محمّد حسين،‏dca. 1834-1910xCriticism and interpretation.1 6700-06/(3/r‏a‏فرّخى، اسلم،‏d‏1924-2016.